000 00442nam a2200181Ia 4500
001 13943
005 20260306164838.0
008 260306t2009||||xx |||||||||||||| ||spa||
041 _aESP
082 _a005.74
_bB45
100 _aBernstein, Philip A.
_eAUT
245 0 _aPrinciples of transaction processing
260 _c2009
300 _axviii, 378 páginas :
_c23 cm.
650 _aGEN
654 _aCCC
942 _cLIB
_dJUS
_fJUS
_2ddc
_n
999 _c13943
_d13943